000 00857nam a2200217 i 4500
001 187633
003 ES-MaACL
005 20230907083916.0
007 t|
008 191031s2003 sp s |||| | spa
100 1 _aEspinar Lafuente, Francisco.
_947847
245 1 3 _aEl socialismo del futuro [
_hRecurso electrónico] /
_cFrancisco Espinar Lafuente.
260 _a[Madrid :
_bAteneo de Madrid,
_c2003]
300 _a[8 p. ;
_c30 cm]
594 _aConferencia pronunciada por el autor en el Ateneo de Madrid, cuyo texto donó a la Biblioteca.
610 2 4 _aAteneo de Madrid-
_vConferencias-
_y2000-
_9168597
610 2 4 _aAteneo de Madrid-
_vObras digitalizadas.
_91930
650 0 4 _aSocialismo-
_yS.XXI.
_9168595
710 2 _aAteneo de Madrid.
_91875
856 4 _uhttps://www.ateneodemadrid.com/old/biblioteca_digital/folletos/Edpr-001.pdf
_zVer documento
999 _c187633
_d187633